Statistics for U.S. coins

Click here to take the quiz!

General Stats

  • This quiz has been taken 31 times
  • The average score is 5 of 7

Answer Stats

WorthCoin/Bill% Correct
10cDime
96%
1cPenny
96%
5cNickel
93%
25cQuarter
93%
50cHalf Dollar
86%
100cDollar coin
46%
100cGolden dollar
11%

Score Distribution

Percentile by Number Answered

Percent of People with Each Score

Your Score History

You have not taken this quiz